<?xml version="1.0" encoding="UTF-8"?>
<record
    xmlns:xsi="http://www.w3.org/2001/XMLSchema-instance"
    xsi:schemaLocation="http://www.loc.gov/MARC21/slim http://www.loc.gov/standards/marcxml/schema/MARC21slim.xsd"
    xmlns="http://www.loc.gov/MARC21/slim">

  <leader>01807nam a22002417a 4500</leader>
  <datafield tag="999" ind1=" " ind2=" ">
    <subfield code="c">59478</subfield>
    <subfield code="d">59478</subfield>
  </datafield>
  <controlfield tag="003">Ge_BSU</controlfield>
  <controlfield tag="005">20230227164320.0</controlfield>
  <controlfield tag="008">230227s2004    ge ||||| |||| 00| 0 geo d</controlfield>
  <datafield tag="020" ind1=" " ind2=" ">
    <subfield code="a">999283269X </subfield>
  </datafield>
  <datafield tag="041" ind1=" " ind2=" ">
    <subfield code="a">geo</subfield>
  </datafield>
  <datafield tag="080" ind1=" " ind2=" ">
    <subfield code="a">342.4(063):321.7(063)</subfield>
  </datafield>
  <datafield tag="245" ind1=" " ind2=" ">
    <subfield code="a">&#x10E1;&#x10D0;&#x10EE;&#x10D4;&#x10DA;&#x10DB;&#x10EC;&#x10D8;&#x10E4;&#x10DD;&#x10E1; &#x10D9;&#x10DD;&#x10DC;&#x10E1;&#x10E2;&#x10D8;&#x10E2;&#x10E3;&#x10EA;&#x10D8;&#x10E3;&#x10E0;&#x10D8; &#x10DD;&#x10E0;&#x10D2;&#x10D0;&#x10DC;&#x10D8;&#x10D6;&#x10D0;&#x10EA;&#x10D8;&#x10D0; :</subfield>
    <subfield code="b">&#x10E1;&#x10D0;&#x10D4;&#x10E0;&#x10D7;&#x10D0;&#x10E8;&#x10DD;&#x10E0;&#x10D8;&#x10E1;&#x10DD; &#x10E1;&#x10D0;&#x10DB;&#x10D4;&#x10EA;&#x10DC;&#x10D8;&#x10D4;&#x10E0;&#x10DD;-&#x10DE;&#x10E0;&#x10D0;&#x10E5;&#x10E2;&#x10D8;&#x10D9;&#x10E3;&#x10DA;&#x10D8; &#x10D9;&#x10DD;&#x10DC;&#x10E4;&#x10D4;&#x10E0;&#x10D4;&#x10DC;&#x10EA;&#x10D8;&#x10D8;&#x10E1; &#x10DB;&#x10D0;&#x10E1;&#x10D0;&#x10DA;&#x10D4;&#x10D1;&#x10D8;, (&#x10D7;&#x10D1;&#x10D8;&#x10DA;&#x10D8;&#x10E1;&#x10D8;, 18-19 &#x10DB;&#x10D0;&#x10D8;&#x10E1;&#x10D8;) /</subfield>
    <subfield code="c">&#x10E1;&#x10D0;&#x10E5;&#x10D0;&#x10E0;&#x10D7;&#x10D5;&#x10D4;&#x10DA;&#x10DD;&#x10E1; &#x10E1;&#x10D0;&#x10D9;&#x10DD;&#x10DC;&#x10E1;&#x10E2;&#x10D8;&#x10E2;&#x10E3;&#x10EA;&#x10D8;&#x10DD; &#x10E1;&#x10D0;&#x10E1;&#x10D0;&#x10DB;&#x10D0;&#x10E0;&#x10D7;&#x10DA;&#x10DD;, &#x10D5;&#x10D4;&#x10DC;&#x10D4;&#x10EA;&#x10D8;&#x10D8;&#x10E1; &#x10D9;&#x10DD;&#x10DB;&#x10D8;&#x10E1;&#x10D8;&#x10D0; ; &#x10E1;&#x10D0;&#x10E0;&#x10D4;&#x10D3;&#x10D0;&#x10E5;&#x10EA;&#x10D8;&#x10DD; &#x10D9;&#x10DD;&#x10DA;&#x10D4;&#x10D2;&#x10D8;&#x10D0;: &#x10EF;&#x10DD;&#x10DC;&#x10D8; &#x10EE;&#x10D4;&#x10EA;&#x10E3;&#x10E0;&#x10D8;&#x10D0;&#x10DC;&#x10D8; [&#x10D3;&#x10D0; &#x10E1;&#x10EE;&#x10D5;.].</subfield>
  </datafield>
  <datafield tag="264" ind1=" " ind2=" ">
    <subfield code="a">&#x10D7;&#x10D1;&#x10D8;&#x10DA;&#x10D8;&#x10E1;&#x10D8; : </subfield>
    <subfield code="b">&#x10DB;&#x10D4;&#x10E0;&#x10D8;&#x10D3;&#x10D8;&#x10D0;&#x10DC;&#x10D8;, </subfield>
    <subfield code="c">2004.</subfield>
  </datafield>
  <datafield tag="300" ind1=" " ind2=" ">
    <subfield code="a">166 &#x10D2;&#x10D5;. ;</subfield>
    <subfield code="b"> 20 &#x10E1;&#x10DB;.</subfield>
  </datafield>
  <datafield tag="653" ind1=" " ind2=" ">
    <subfield code="a">&#x10E1;&#x10D0;&#x10EE;&#x10D4;&#x10DA;&#x10DB;&#x10EC;&#x10D8;&#x10E4;&#x10DD;&#x10E1; &#x10D9;&#x10DD;&#x10DC;&#x10E1;&#x10E2;&#x10D8;&#x10E2;&#x10E3;&#x10EA;&#x10D8;&#x10E3;&#x10E0;&#x10D8; &#x10DB;&#x10DD;&#x10EC;&#x10E7;&#x10DD;&#x10D1;&#x10D0; -- &#x10D9;&#x10DD;&#x10DC;&#x10E4;&#x10D4;&#x10E0;&#x10D4;&#x10DC;&#x10EA;&#x10D8;&#x10D4;&#x10D1;&#x10D8;.</subfield>
  </datafield>
  <datafield tag="700" ind1=" " ind2=" ">
    <subfield code="a">&#x10EE;&#x10D4;&#x10EA;&#x10E3;&#x10E0;&#x10D8;&#x10D0;&#x10DC;&#x10D8;, &#x10EF;&#x10DD;&#x10DC;&#x10D8;</subfield>
    <subfield code="e">&#x10E0;&#x10D4;&#x10D3;&#x10D0;&#x10E5;&#x10E2;&#x10DD;&#x10E0;&#x10D8; </subfield>
    <subfield code="9">17058</subfield>
  </datafield>
  <datafield tag="700" ind1=" " ind2=" ">
    <subfield code="a">&#x10D6;&#x10DD;&#x10D8;&#x10EB;&#x10D4;, &#x10D1;&#x10D4;&#x10E1;&#x10D0;&#x10E0;&#x10D8;&#x10DD;&#x10DC;</subfield>
    <subfield code="e">&#x10E0;&#x10D4;&#x10D3;&#x10D0;&#x10E5;&#x10E2;&#x10DD;&#x10E0;&#x10D8;</subfield>
    <subfield code="9">17059</subfield>
  </datafield>
  <datafield tag="700" ind1=" " ind2=" ">
    <subfield code="a">&#x10D6;&#x10DD;&#x10D8;&#x10EB;&#x10D4;, &#x10D1;&#x10D4;&#x10E1;&#x10D0;&#x10E0;&#x10D8;&#x10DD;&#x10DC;</subfield>
    <subfield code="e">&#x10E0;&#x10D4;&#x10D3;&#x10D0;&#x10E5;&#x10E2;&#x10DD;&#x10E0;&#x10D8;</subfield>
    <subfield code="9">17059</subfield>
  </datafield>
  <datafield tag="700" ind1=" " ind2=" ">
    <subfield code="a">&#x10E4;&#x10E3;&#x10E2;&#x10D9;&#x10D0;&#x10E0;&#x10D0;&#x10EB;&#x10D4;, &#x10D8;&#x10D0;&#x10D9;&#x10DD;&#x10D1;</subfield>
    <subfield code="e">&#x10E0;&#x10D4;&#x10D3;&#x10D0;&#x10E5;&#x10E2;&#x10DD;&#x10E0;&#x10D8;</subfield>
    <subfield code="9">12625</subfield>
  </datafield>
  <datafield tag="700" ind1=" " ind2=" ">
    <subfield code="a">&#x10EF;&#x10D8;&#x10DC;&#x10EF;&#x10DD;&#x10DA;&#x10D0;&#x10D5;&#x10D0;, &#x10D6;&#x10D0;&#x10E3;&#x10E0;</subfield>
    <subfield code="e">&#x10E0;&#x10D4;&#x10D3;&#x10D0;&#x10E5;&#x10E2;&#x10DD;&#x10E0;&#x10D8; </subfield>
    <subfield code="9">17060</subfield>
  </datafield>
  <datafield tag="710" ind1=" " ind2=" ">
    <subfield code="a">&#x10E1;&#x10D0;&#x10E5;&#x10D0;&#x10E0;&#x10D7;&#x10D5;&#x10D4;&#x10DA;&#x10DD;&#x10E1; &#x10E1;&#x10D0;&#x10D9;&#x10DD;&#x10DC;&#x10E1;&#x10E2;&#x10D8;&#x10E2;&#x10E3;&#x10EA;&#x10D8;&#x10DD; &#x10E1;&#x10D0;&#x10E1;&#x10D0;&#x10DB;&#x10D0;&#x10E0;&#x10D7;&#x10DA;&#x10DD;.</subfield>
    <subfield code="b">&#x10D5;&#x10D4;&#x10DC;&#x10D4;&#x10EA;&#x10D8;&#x10D8;&#x10E1; &#x10D9;&#x10DD;&#x10DB;&#x10D8;&#x10E1;&#x10D8;&#x10D0;.</subfield>
    <subfield code="9">17061</subfield>
  </datafield>
  <datafield tag="942" ind1=" " ind2=" ">
    <subfield code="2">udc</subfield>
    <subfield code="c">BK</subfield>
  </datafield>
  <datafield tag="952" ind1=" " ind2=" ">
    <subfield code="0">0</subfield>
    <subfield code="1">0</subfield>
    <subfield code="2">udc</subfield>
    <subfield code="4">0</subfield>
    <subfield code="6">34240633217063</subfield>
    <subfield code="7">0</subfield>
    <subfield code="9">93884</subfield>
    <subfield code="a">CPL</subfield>
    <subfield code="b">CPL</subfield>
    <subfield code="c">GEN</subfield>
    <subfield code="d">2023-02-27</subfield>
    <subfield code="g">6.00</subfield>
    <subfield code="o">342.4(063):321.7(063)</subfield>
    <subfield code="p">63814</subfield>
    <subfield code="r">2023-02-27</subfield>
    <subfield code="t">63814</subfield>
    <subfield code="w">2023-02-27</subfield>
    <subfield code="y">BK</subfield>
    <subfield code="z">6 &#x10DA;.</subfield>
  </datafield>
</record>
